Statistics for Guess the country by its Capital in Europe

Click here to take the quiz!

General Stats

  • This quiz has been taken 30 times
  • The average score is 39 of 46

Answer Stats

HintAnswer% Correct
PARISFrance
100%
LONDONUnited Kingdom
100%
BUDAPESTHungary
96%
DUBLINIreland
96%
ROMEItaly
96%
KiEVUkraine
96%
ANDORRA LA VELLAAndorra
92%
VIENNAAustria
92%
SOFIABulgaria
92%
PRAGUECzechia
92%
COPENHAGENDenmark
92%
HELSINKIFinland
92%
BERLINGermany
92%
ATHENSGreece
92%
MONACOMonaco
92%
AMSTERDAMNetherlands
92%
LISBONPortugal
92%
MADRiDSpain
92%
VATICAN CITYVatican City
92%
ZAGREBCroatia
88%
REYKJAVIKIceland
88%
RIGALatvia
88%
SKOPJENorth Macedonia
88%
OSLONorway
88%
WARSAWPoland
88%
MOSCOWRussia
88%
SAN MARINOSan Marino
88%
BELGRADESerbia
88%
STOCKHOLMSweden
88%
TIRANAAlbania
84%
MINSKBelarus
84%
SARAJEVOBosnia and Herzegovina
84%
VADUZLiechtenstein
84%
VILNIUSLithuania
84%
BRATISLAVASlovakia
84%
LJUBLJANASlovenia
84%
TALLINNEstonia
80%
PRISTINAKosovo
80%
BUCHARESTRomania
80%
BERNSwitzerland
80%
NICOSIACyprus
76%
VALLETTAMalta
76%
PODGORICAMontenegro
76%
CHISINAUMoldova
68%
LUXEMBOURGLuxemborg
16%
ANKARATurkye
16%

Score Distribution

Percentile by Number Answered

Percent of People with Each Score

Your Score History

You have not taken this quiz